Die Erde ist nah : die Marsexpedition ; Aus dem tschech. Manuskript übertr. von Adolf Langer /

Hlavní autor: Pešek, Luděk, 1919-1999
Jazyk: Čeština
Vydáno: Recklinghausen : G. Bitter, 1970
Vydání: 2. Aufl.
Edice: Deutscher Jugendbuchpreis
Fyzický popis: 223 s.
Knihy
Uloženo v:
LEADER 00735nam a22002172a 4500
001 000362279
003 CZ BrMZK
005 19980105143423.0
007 ta
008 980105s1970 xr f cze d
040 |a BOA001  |b cze 
100 1 |a Pešek, Luděk,  |d 1919-1999  |7 jk01092650  |4 aut 
245 1 4 |a Die Erde ist nah :  |b die Marsexpedition ; Aus dem tschech. Manuskript übertr. von Adolf Langer /  |c Luděk Pešek 
250 |a 2. Aufl. 
260 |a Recklinghausen :  |b G. Bitter,  |c 1970 
300 |a 223 s. 
490 1 |a Deutscher Jugendbuchpreis ;  |v 1971 
830 0 |a Deutscher Jugendbuchpreis 
910 |a BOA001  |b 2-0950.340 
990 |a BK 
996 6 |b 2619341067  |c 2-0950.340  |l MZK  |r Sklad / do 1 hodiny  |n 0  |w 000362279  |u 000010  |a 1  |e BOA001  |j MZK50  |s P